Statistics for Countries with the Highest Military Budget

Click here to take the quiz!

General Stats

  • This quiz has been taken 152 times
  • The average score is 19 of 24

Answer Stats

US $Answer% Correct
45.7United Kingdom
100%
587.8United States
100%
161.7China
99%
35.0France
99%
44.6Russia
99%
43.8Japan
98%
39.2Germany
97%
24.5Brazil
96%
51.0India
96%
43.8South Korea
95%
24.1Australia
93%
15.5Canada
92%
11.6Spain
92%
34.0Italy
90%
56.7Saudi Arabia
86%
9.4Poland
84%
15.5Israel
75%
9.8Netherlands
60%
12.1Colombia
57%
14.4United Arab Emirates
55%
10.7Taiwan
54%
10.6Algeria
44%
11.5Afghanistan
33%
9.7Singapore
30%

Score Distribution

Percentile by Number Answered

Percent of People with Each Score

Your Score History

You have not taken this quiz